Gold, silver or bronze? (Record no. 84215)

MARC details
000 -LEADER
fixed length control field 01328cad a22002415a 4500
001 - CONTROL NUMBER
control field L156973
008 - FIXED-LENGTH DATA ELEMENTS--GENERAL INFORMATION
fixed length control field 120803s2012 xxk 000 0 eng d
035 ## - SYSTEM CONTROL NUMBER
System control number (Sirsi) u156973
041 0# - LANGUAGE CODE
Language code of text/sound track or separate title eng
100 1# - MAIN ENTRY--PERSONAL NAME
Personal name Walker, Sophie
245 00 - TITLE STATEMENT
Title Gold, silver or bronze?
Remainder of title sustainable development and regeneration - has London done enough?
260 ## - PUBLICATION, DISTRIBUTION, ETC.
Place of publication, distribution, etc. London
Name of publisher, distributor, etc. JLL
Date of publication, distribution, etc. 2012
490 #0 - SERIES STATEMENT
Series statement Jones Lang LaSalle Advance Series
Volume/sequential designation July 2012
520 ## - SUMMARY, ETC.
Summary, etc. Updates the 2009 Jones Lang LaSalle report "From green to gold" which examined the impact that the London 2012 Olympics project was having on sustainability, regeneration and property. Assesses whether London in 2012 has succeeded in moving the case forward for sustainable sporting-led regeneration schemes. Proposes the Jones Lang Lasalle catalysts for sustainable neighbourhood development as a more comprehensive framework for sustainability best practice in development and regeneration projects.
590 ## - LOCAL NOTE (RLIN)
Local note KA NTK
651 #4 - SUBJECT ADDED ENTRY--GEOGRAPHIC NAME
Geographic name London
690 ## - LOCAL SUBJECT ADDED ENTRY--TOPICAL TERM (OCLC, RLIN)
Topical term or geographic name as entry element Planning and development
9 (RLIN) 6259
690 ## - LOCAL SUBJECT ADDED ENTRY--TOPICAL TERM (OCLC, RLIN)
Topical term or geographic name as entry element Sustainability
9 (RLIN) 6271
700 1# - ADDED ENTRY--PERSONAL NAME
Personal name Kopec, Katie
700 1# - ADDED ENTRY--PERSONAL NAME
Personal name Elliott, Lee
856 40 - ELECTRONIC LOCATION AND ACCESS
Uniform Resource Identifier <a href="https://www.joneslanglasalle.co.uk/MediaResources/EU/Marketing/UnitedKingdom/Olympics/JLL_UK_Gold_Silver_or_Bronze_Report.pdf">https://www.joneslanglasalle.co.uk/MediaResources/EU/Marketing/UnitedKingdom/Olympics/JLL_UK_Gold_Silver_or_Bronze_Report.pdf</a>
Public note View the report at www.joneslanglasalle.co.uk
942 ## - ADDED ENTRY ELEMENTS (KOHA)
Suppress in OPAC 0
Holdings
Withdrawn status Lost status Source of classification or shelving scheme Damaged status Not for loan Home library Current library Shelving location Date acquired Total Checkouts Full call number Barcode Date last seen Copy number Price effective from Koha item type
    Dewey Decimal Classification     Virtual Virtual Online 03/08/2012   ONLINE PUBLICATION 156973-2001 06/08/2019 1 06/08/2019 Book